Low HDI - Sudden Death - Statistics

General Stats
  • This quiz has been taken 29 times
  • The average score is 4 of 20
Answers on the Grid
Answers color-coded by a green-red scale on the quiz's grid according to % correct below.
Afghanistan
Benin
Burkina Faso
Burundi
Central African Republic
Chad
Djibouti
DR Congo
East Timor
Eritrea
Ethiopia
Gambia
Guinea
Guinea-Bissau
Haiti
Ivory Coast
Lesotho
Liberia
Madagascar
Malawi
Mali
Mauritania
Mozambique
Niger
Nigeria
Pakistan
Papua New Guinea
Rwanda
Senegal
Sierra Leone
Solomon Islands
South Sudan
Sudan
Syria
Tanzania
Togo
Uganda
Yemen
Zambia
Zimbabwe
 
Answer Stats
Answer % Correct
Afghanistan
89%
Central African Republic
67%
Burundi
44%
Burkina Faso
33%
Chad
33%
DR Congo
33%
Eritrea
22%
Benin
11%
Ethiopia
11%
Guinea
11%
Yemen
11%
Gambia
0%
Guinea-Bissau
0%
Liberia
0%
Madagascar
0%
Mali
0%
Mozambique
0%
Niger
0%
Sierra Leone
0%
South Sudan
0%
No matching quizzes found
Score Distribution
Percent of People with Each Score
Percentile by Number Answered
Your Score History
You have not taken this quiz